banner koha

Ocorrencia de parasitos gastrintestinais nos rebanhos bovino e bubalino do Amapa (Registro n. 280590)

MARC details
000 -LÍDER
campo de controle de tamanho fixo 01198nac a22003497a 4500
001 - NÚMERO DE CONTROLE
campo de controle BR8707485
003 - IDENTIFICADOR DO NÚMERO DE CONTROLE
campo de controle BR-BrBNA
005 - DATA E HORÁRIO DA ÚLTIMA TRANSAÇÃO
campo de controle 20240105120632.0
008 - CAMPO DE DADOS FIXOS--INFORMAÇÃO GERAL
campo de controle de tamanho fixo 230509b bl.|||m| |||| 00| 0 por d
040 ## - FONTE DA CATALOGAÇÃO
Instituição da catalogação original BR-BrBNA
Idioma da catalogação por
Instituição que transcreveu o registro Biblioteca Nacional de Agricultura
072 ## - CÓDIGO DE CATEGORIA DE ASSUNTO
Código de Categoria de Assunto L72
090 ## - NÚMERO DE CHAMADA LOCAL
Número de chamada 5212 BR8707485
100 1# - ENTRADA PRINCIPAL--NOME PESSOAL
Nome pessoal Paiva, M. das G. de S.
100 1# - ENTRADA PRINCIPAL--NOME PESSOAL
Nome pessoal Pimentel, D.M.
100 1# - ENTRADA PRINCIPAL--NOME PESSOAL
Nome pessoal Montenegro, A.J.D.
100 1# - ENTRADA PRINCIPAL--NOME PESSOAL
Nome pessoal Moutinho, H.C.
110 1# - ENTRADA PRINCIPAL--NOME CORPORATIVO
Nome corporativo ou nome da jurisdição Unidade de Execucao de Pesquisa de Ambito Territorial de Macapa, AP (Brasil)
9 (RLIN) 10392
245 1# - TÍTULO
Título Ocorrencia de parasitos gastrintestinais nos rebanhos bovino e bubalino do Amapa
246 1# - FORMA VARIANTE DO TÍTULO
Título/título abreviado [Occurence of parasites on bovines and water buffaloes in Amapa]
260 3# - PUBLICAÇÃO, DISTRIBUIÇÃO, ETC.
Local de publicação, distribuição, etc. Macapa, AP (Brasil):
Data da publicação, distribuição, etc. 1986.
300 ## - DESCRIÇÃO FÍSICA
Extensão 13 p.
490 ## - TÍTULO DA SÉRIE
Título da série Boletim de Pesquisa - Unidade de Execucao de Pesquisa de Ambito Territorial de Macapa (Brazil)
Número do volume ou designação sequencial da série no. 5
ISSN - International Standard Serial Number ISSN 0102-0870
500 ## - NOTA GERAL
Nota geral Summaries (En, Pt); 4 ref.
650 ## - ASSUNTO--TERMO TÓPICO
Cabeçalho tópico ou nome geográfico BOVINO
650 ## - ASSUNTO--TERMO TÓPICO
Cabeçalho tópico ou nome geográfico BUFALO
650 ## - ASSUNTO--TERMO TÓPICO
Cabeçalho tópico ou nome geográfico PARASITO DE ANIMAL
650 ## - ASSUNTO--TERMO TÓPICO
Cabeçalho tópico ou nome geográfico VERMINOSE
650 ## - ASSUNTO--TERMO TÓPICO
Cabeçalho tópico ou nome geográfico NEMATOIDE
650 ## - ASSUNTO--TERMO TÓPICO
Cabeçalho tópico ou nome geográfico PROTOZOARIO
909 ## -
-- 202312
-- Lúcia Elande
-- 55
-- Lúcia Elande
942 ## - ELEMENTOS DE ENTRADA ADICIONADOS (KOHA)
Fonte da classificação ou esquema de arquivamento na estante Classificação AGRIS
Ocultar no OPAC Não
Tipo de material Koha Monografia Seriada
Exemplares
Situação do descarte Fonte da classificação ou esquema de arquivamento na estante Situação física Não pode ser emprestado Coleção Biblioteca de origem Biblioteca atual Localização na estante Total de empréstimos Número de telefone completo Código de barras Data de último acesso Tipo de material Koha Fonte de aquisição
  Classificação AGRIS       Biblioteca Nacional de Agricultura - Binagri Biblioteca Nacional de Agricultura - Binagri Agrobase - Acervo Geral   5212 BR8707485 5212 BR8707485 18/12/2023 Monografia Seriada Portaria Interministerial nº 164/94

BINAGRI

Telefone: (61)3218-2567/2388/3357/2097 - binagri@agro.gov.br

Ministério da Agricultura e Pecuária , Esplanada dos Ministérios, Bloco D, Anexo B, Brasília/DF, CEP: 70.043-900